The Cross-Channel services. Part I : (Record no. 1765)

000 -LEADER
fixed length control field 00799nam a22001217a 4500
008 - FIXED-LENGTH DATA ELEMENTS--GENERAL INFORMATION
fixed length control field 160213b xxu||||| |||| 00| 0 eng d
100 ## - MAIN ENTRY--AUTHOR'S NAME
Author's Name Hunt, Bryan
245 ## - TITLE STATEMENT
Title The Cross-Channel services. Part I :
Remainder of title Southampton-Channel Islands-Havre routes to 1940
260 ## - PUBLICATION, DISTRIBUTION, ETC. (IMPRINT)
Place of publication, distribution, etc. Newbury, Berkshire, England
Name of publisher, distributor, etc. Philip Cockrill
Date of publication, distribution, etc. 1984
490 ## - SERIES STATEMENT
Series statement Cockrill series booklet ; no. 42
650 ## - TOPICAL TERM (Tag)
Topical term or geographic name Great Britain | France | Channel Islands | English Channel | Europe | Maritime Mail | Shipping Companies and Packet Service | Postal History | Transportation of Mail | Postal Service | Covers Pre-adhesive Covers | Fee Paid Mail | Postal Markings | Postal Routes | Postal Rates | Postal Laws and Regulations | Laws and Regulations | Postal Conventions | 19th Century | 20th Century | 18th Century
700 ## - SECONDARY AUTHOR, EDITOR OR ILLUSTRATOR
Personal Name Cockrill, Philip
Holdings
Withdrawn status Lost status Source of classification or shelving scheme Damaged status Koha normalized classification for sorting Not for loan Permanent Location Current Location Date acquired Full call number Barcode Date last seen Price effective from Koha item type
        G5741 M342 H939   Northern Philatelic Library Northern Philatelic Library 02/13/2016 G5741 .M342 H939 1002020 02/13/2016 02/13/2016 Books

Powered by Koha